| 000 | 00763nam a2200205 a 4500 | ||
|---|---|---|---|
| 001 | 000038290 | ||
| 005 | 20240229073949.0 | ||
| 008 | 110214s2003 dr a 000 0 spa d | ||
| 020 | _a9993487953 | ||
| 040 |
_aDO-SdBNP _bspa _cBNPHU |
||
| 082 |
_a028.9 _bE56s |
||
| 245 | 0 | 0 |
_aEncuesta sobre hábitos de lectura en República Dominicana / _cedición José Rafael Lantigua. |
| 260 |
_aSanto Domingo : _bFundación Global Democracia y Desarrollo, _c2003. |
||
| 300 |
_a66 p. : _bgraf. ; _c24 cm. |
||
| 590 | _aInventariado,2018/DG | ||
| 650 | 4 |
_aLectura _xEnseñanza correctiva _zRepública Dominicana _964657 |
|
| 650 | 4 |
_aLectores _zRepública Dominicana _951804 |
|
| 700 | 1 |
_aLantigua, José Rafael, _d1949- _eed. _91438 |
|
| 910 | _aValidado. Control de calidad MFF | ||
| 999 |
_c37780 _d37780 |
||